[Event "9. Torneo Villa de Mondragón"]
[Site "Mondragón ESP"]
[Date "2009.10.16"]
[Round "2.12"]
[White "Larios Villa, Francisco Javier"]
[Black "Fernandez Del Pozo, Anibal"]
[Result "1-0"]
[WhiteElo "1948"]
[BlackElo "1759"]
[PlyCount "51"]
[EventDate "2009.10.09"]
[EventType "swiss"]
[EventRounds "6"]
[EventCountry "ESP"]
[Source "lmi"]
[SourceDate "2009.10.09"]

1. b4 e5 2. Bb2 f6 3. e4 Ne7 4. Bc4 c6 5. Nc3 d5 6. exd5 cxd5 7. Bb3 Be6 8.
Nge2 Ng6 9. a3 a6 10. d4 e4 11. Qd2 Bf7 12. h4 Bd6 13. Bxd5 Bxd5 14. Nxd5 O-O
15. c4 Nc6 16. c5 Bb8 17. Nb6 Ra7 18. a4 Nge7 19. d5 Ne5 20. Nf4 Nd3+ 21. Nxd3
exd3 22. Qxd3 Bc7 23. Nc4 Nxd5 24. O-O-O Ne7 25. Qb3 Qe8 26. Nd6+ 1-0

[Event "9. Torneo Villa de Mondragón"]
[Site "Mondragón ESP"]
[Date "2009.10.16"]
[Round "2.13"]
[White "Alberdi Jarit, Gaizka"]
[Black "Etxagibel Larranaga, Asier"]
[Result "0-1"]
[WhiteElo "1583"]
[BlackElo "1945"]
[PlyCount "45"]
[EventDate "2009.10.09"]
[EventType "swiss"]
[EventRounds "6"]
[EventCountry "ESP"]
[Source "lmi"]
[SourceDate "2009.10.09"]

1. e4 c5 2. Nc3 e6 3. g3 Nc6 4. Bg2 Nf6 5. d3 Be7 6. Nge2 Rb8 7. O-O b5 8. a3
O-O 9. f4 b4 10. axb4 cxb4 11. Nb1 a5 12. Kh1 Qb6 13. Nd2 Ba6 14. b3 Ng4 15.
Rf3 Nf2+ 16. Rxf2 Qxf2 17. Bb2 Qb6 18. Nf3 Rbc8 19. h4 Na7 20. h5 Nb5 21. Ne5
Qc7 22. Rc1 Nc3 23. h6 0-1

[Event "9. Torneo Villa de Mondragón"]
[Site "Mondragón ESP"]
[Date "2009.10.16"]
[Round "2.14"]
[White "Villar Moron, Roberto"]
[Black "Vallverdu Verge, Carme"]
[Result "1-0"]
[WhiteElo "1909"]
[BlackElo "1600"]
[PlyCount "60"]
[EventDate "2009.10.09"]
[EventType "swiss"]
[EventRounds "6"]
[EventCountry "ESP"]
[Source "lmi"]
[SourceDate "2009.10.09"]

1. e4 e6 2. d4 d5 3. e5 c5 4. c3 Nc6 5. Nf3 Qb6 6. Bd3 Nh6 7. Na3 Nf5 8. g4 Nh6
9. h3 a6 10. Nc2 Be7 11. Rb1 c4 12. Be2 Qd8 13. Bxh6 gxh6 14. Qd2 Bg5 15. Nxg5
hxg5 16. h4 gxh4 17. Qh6 Ne7 18. Qxh4 Ng6 19. Qxd8+ Kxd8 20. Ne3 Bd7 21. Ng2
Ke7 22. g5 b5 23. Kd2 a5 24. Rh6 Kf8 25. Rbh1 Kg7 26. Bh5 b4 27. Bxg6 fxg6 28.
Ne3 bxc3+ 29. Kxc3 Ba4 30. Ng4 Bd1 1-0

[Event "9. Torneo Villa de Mondragón"]
[Site "Mondragón ESP"]
[Date "2009.10.23"]
[Round "3.1"]
[White "Hernandez Carmenates, Holden"]
[Black "Astasio Lopez, David"]
[Result "1-0"]
[WhiteElo "2561"]
[BlackElo "2315"]
[PlyCount "83"]
[EventDate "2009.10.09"]
[EventType "swiss"]
[EventRounds "6"]
[EventCountry "ESP"]
[Source "lmi"]
[SourceDate "2009.10.09"]

1. d4 d5 2. c4 e6 3. Nc3 Nf6 4. cxd5 exd5 5. Bg5 Be7 6. e3 O-O 7. Bd3 Nbd7 8.
Nge2 Re8 9. O-O c6 10. Qc2 Nf8 11. f3 h6 12. Bh4 b5 13. a3 a6 14. e4 dxe4 15.
Nxe4 Bd7 16. Rfe1 Ne6 17. Rad1 Rc8 18. Bf2 Nd5 19. N2g3 Nef4 20. Bf1 Rc7 21.
Nc5 Bc8 22. Nge4 Ra7 23. Bg3 Bf8 24. Qd2 Ne6 25. Rc1 Nxc5 26. dxc5 Bf5 27. Nd6
Rxe1 28. Rxe1 Be6 29. Qd4 Be7 30. Bd3 Rd7 31. Qe4 g6 32. Qd4 Bxd6 33. Bxd6 Qg5
34. Be4 Kh7 35. g3 Qd8 36. h4 h5 37. Qe5 Kh6 38. f4 a5 39. f5 gxf5 40. Bxf5
Bxf5 41. Qxf5 Qf6 42. Bf8+ 1-0

[Event "9. Torneo Villa de Mondragón"]
[Site "Mondragón ESP"]
[Date "2009.10.23"]
[Round "3.2"]
[White "Prieto Aranguren, Alain"]
[Black "Franco Alonso, Alejandro"]
[Result "0-1"]
[WhiteElo "2109"]
[BlackElo "2465"]
[PlyCount "156"]
[EventDate "2009.10.09"]
[EventType "swiss"]
[EventRounds "6"]
[EventCountry "ESP"]
[Source "lmi"]
[SourceDate "2009.10.09"]

1. d4 Nf6 2. c4 e6 3. Nc3 Bb4 4. e3 b6 5. Nge2 c5 6. a3 Ba5 7. Bd2 O-O 8. Qc2
Bb7 9. O-O-O Nc6 10. Rg1 cxd4 11. exd4 Bxc3 12. Bxc3 d5 13. Ng3 dxc4 14. Bxc4
Rc8 15. Kb1 Na5 16. Bd3 Bd5 17. Qe2 Qd7 18. Bb5 Bc6 19. Bd3 Ba4 20. Rde1 Rfd8
21. Ne4 Nxe4 22. Qxe4 g6 23. Ba6 Rxc3 24. bxc3 b5 25. d5 exd5 26. Qf4 Nc4 27.
Qf6 Nd2+ 28. Ka2 Ne4 29. Qd4 Qc7 30. Re3 Nc5 31. Rge1 Ne6 32. Rxe6 fxe6 33.
Rxe6 Qc4+ 34. Qxc4 dxc4 35. Re2 Bd1 36. Rb2 Bb3+ 37. Ka1 Rd1+ 38. Rb1 Rd5 39.
Rb2 Rd1+ 40. Rb1 Rd6 41. Bb7 Rd2 42. Rb2 Rd1+ 43. Rb1 Rd3 44. Ba6 Rd6 45. Bb7
Kf7 46. Be4 Kf6 47. f3 h6 48. Rg1 Rd2 49. Bb1 g5 50. h3 Rf2 51. Be4 Ra2+ 52.
Kb1 Rxa3 53. Bc6 Ba4 54. Kb2 Rb3+ 55. Kc2 a5 56. Re1 Ra3+ 57. Kb2 b4 58. Bxa4
Rxa4 59. Re4 b3 60. h4 Ra2+ 61. Kb1 Rxg2 62. Rxc4 Rh2 63. Rc6+ Ke5 64. hxg5
hxg5 65. Rc5+ Kf4 66. Rxa5 Rc2 67. Rc5 Rf2 68. Rc8 Kxf3 69. Rf8+ Kg3 70. Rb8 g4
71. Rxb3 Rf3 72. Kc2 Kf2 73. Rb1 g3 74. Kb3 g2 75. Rb2+ Kg3 76. Rxg2+ Kxg2 77.
Kb4 Rf8 78. c4 Kf3 0-1

[Event "9. Torneo Villa de Mondragón"]
[Site "Mondragón ESP"]
[Date "2009.10.23"]
[Round "3.3"]
[White "Argandoña Riveiro, Iñigo"]
[Black "Nava Pereda, Carlos"]
[Result "1/2-1/2"]
[WhiteElo "2375"]
[BlackElo "2248"]
[PlyCount "102"]
[EventDate "2009.10.09"]
[EventType "swiss"]
[EventRounds "6"]
[EventCountry "ESP"]
[Source "lmi"]
[SourceDate "2009.10.09"]

1. Nf3 Nf6 2. c4 g6 3. Nc3 d5 4. cxd5 Nxd5 5. Qa4+ Bd7 6. Qh4 Nxc3 7. dxc3 Nc6
8. e4 e5 9. Qg3 Bd6 10. Bh6 Qe7 11. h4 O-O-O 12. Nd2 Kb8 13. Nc4 Be6 14. Nxd6
cxd6 15. c4 f6 16. O-O-O Qf7 17. b3 Rd7 18. Bd2 Rc8 19. Kb2 Ka8 20. Bc3 Nb8 21.
Bd3 Na6 22. f4 Qg8 23. Bc2 h5 24. Rhf1 Bg4 25. Rd2 Nc5 26. fxe5 dxe5 27. Rdf2
f5 28. Qxe5 Qd8 29. Bb4 Nd3+ 30. Bxd3 Rxd3 31. exf5 Bxf5 32. g3 Rc6 33. Ba5 Qc8
34. Rd2 Rxd2+ 35. Bxd2 Re6 36. Qd4 Re4 37. Qc3 Qe8 38. Re1 Rxe1 39. Bxe1 Qe2+
40. Bd2 b6 41. Ka3 Qe7+ 42. b4 a5 43. Qf3+ Ka7 44. Kb3 Qd7 45. Qd5 axb4 46.
Qxd7+ Bxd7 47. Kxb4 Ka6 48. a4 Kb7 49. Be3 Be8 50. Bg5 Bd7 51. Bd8 Be8 1/2-1/2

[Event "9. Torneo Villa de Mondragón"]
[Site "Mondragón ESP"]
[Date "2009.10.23"]
[Round "3.4"]
[White "Miguel Quintero, Antonio"]
[Black "Beitia Amador-Carrandi, Ernesto"]
[Result "1-0"]
[WhiteElo "2174"]
[BlackElo "1988"]
[PlyCount "43"]
[EventDate "2009.10.09"]
[EventType "swiss"]
[EventRounds "6"]
[EventCountry "ESP"]
[Source "lmi"]
[SourceDate "2009.10.09"]

1. d4 Nf6 2. Nf3 d5 3. c4 c6 4. Nc3 e6 5. Bg5 Nbd7 6. e3 Be7 7. Qc2 h6 8. Bf4
Nh5 9. cxd5 Nxf4 10. dxc6 Nxg2+ 11. Bxg2 bxc6 12. O-O Bb7 13. Rad1 O-O 14. Ne4
Qb6 15. b4 Ba6 16. Nc5 Bxf1 17. Nxd7 Qxb4 18. Nxf8 Rxf8 19. Rxf1 c5 20. Rb1 Qa5
21. Ne5 Bd6 22. Nc4 1-0

[Event "9. Torneo Villa de Mondragón"]
[Site "Mondragón ESP"]
[Date "2009.10.23"]
[Round "3.5"]
[White "Salinero De Prado, Juan Manuel"]
[Black "Ruiz Abad, Juan Manuel"]
[Result "0-1"]
[WhiteElo "2174"]
[BlackElo "1828"]
[PlyCount "62"]
[EventDate "2009.10.09"]
[EventType "swiss"]
[EventRounds "6"]
[EventCountry "ESP"]
[Source "lmi"]
[SourceDate "2009.10.09"]

1. d4 Nf6 2. c4 c5 3. d5 b5 4. a4 bxc4 5. Nc3 d6 6. e4 Ba6 7. Nf3 Nbd7 8. Be2
Rb8 9. O-O g6 10. h3 Bg7 11. Nd2 O-O 12. f4 e6 13. dxe6 fxe6 14. Bxc4 Bxc4 15.
Nxc4 d5 16. exd5 exd5 17. Nxd5 Kh8 18. Nde3 Nh5 19. Ng4 Qc7 20. f5 Rb4 21. Qc2
gxf5 22. Rxf5 Rxf5 23. Qxf5 Ng3 24. Qe6 Nf8 25. Qd5 Ne2+ 26. Kf2 Nxc1 27. Rxc1
Qf4+ 28. Ke2 Qxc1 29. Nge5 Rxb2+ 30. Kf3 Qf1+ 31. Kg3 Qf2+ 0-1

[Event "9. Torneo Villa de Mondragón"]
[Site "Mondragón ESP"]
[Date "2009.10.23"]
[Round "3.6"]
[White "Larios Villa, Francisco Javier"]
[Black "Tornay Gomez, Josu"]
[Result "0-1"]
[WhiteElo "1948"]
[BlackElo "2107"]
[PlyCount "138"]
[EventDate "2009.10.09"]
[EventType "swiss"]
[EventRounds "6"]
[EventCountry "ESP"]
[Source "lmi"]
[SourceDate "2009.10.09"]

1. b4 e5 2. Bb2 Bxb4 3. Bxe5 Nf6 4. Nf3 O-O 5. e3 Re8 6. Bc3 Nc6 7. a3 Bf8 8.
Bb5 d5 9. O-O Bg4 10. d3 Bd6 11. Nbd2 Qe7 12. Qc1 a6 13. Ba4 b5 14. Bb3 Ne5 15.
Nxe5 Bxe5 16. Bxe5 Qxe5 17. d4 Qh5 18. f3 Bd7 19. Re1 Qg6 20. Nf1 Re7 21. Qd2
h5 22. c3 h4 23. Bc2 Bf5 24. Bxf5 Qxf5 25. Qf2 Qg5 26. Re2 Rae8 27. Rae1 Nh5
28. Kh1 Qf6 29. g4 hxg3 30. Nxg3 Qg5 31. Nxh5 Qxh5 32. Rg1 Qh6 33. f4 Qe6 34.
Rg3 Qe4+ 35. Qg2 Qb1+ 36. Qg1 Qxg1+ 37. Kxg1 Re4 38. Kf2 R8e6 39. Kf3 Rc6 40.
Rc2 Rc4 41. Rg5 c6 42. h4 a5 43. Rcg2 g6 44. h5 Re6 45. f5 Rf6 46. hxg6 fxg6
47. Rxg6+ Rxg6 48. Rxg6+ Kf7 49. Kf4 Rxc3 50. Rh6 Rxa3 51. Rxc6 b4 52. Rc5 a4
53. Rxd5 Rc3 54. e4 b3 55. Rd7+ Ke8 56. Rb7 a3 57. e5 a2 58. Rb8+ Kd7 59. e6+
Kd6 60. Rd8+ Ke7 61. Rd7+ Ke8 62. Ra7 b2 63. f6 a1=Q 64. Re7+ Kd8 65. Rd7+ Kc8
66. f7 Qf1+ 67. Ke5 Re3+ 68. Kd6 Qa6+ 69. Kd5 Qxe6+ 0-1

[Event "9. Torneo Villa de Mondragón"]
[Site "Mondragón ESP"]
[Date "2009.10.23"]
[Round "3.7"]
[White "Alcaide Luque, Aitor"]
[Black "Villar Moron, Roberto"]
[Result "1-0"]
[WhiteElo "2104"]
[BlackElo "1909"]
[PlyCount "61"]
[EventDate "2009.10.09"]
[EventType "swiss"]
[EventRounds "6"]
[EventCountry "ESP"]
[Source "lmi"]
[SourceDate "2009.10.09"]

1. d4 Nf6 2. Bg5 g6 3. Bxf6 exf6 4. e3 d5 5. g3 Nd7 6. Bg2 c6 7. Ne2 Bd6 8. Nd2
f5 9. c4 Nf6 10. Nc3 Be6 11. cxd5 Nxd5 12. Nxd5 Bxd5 13. Bxd5 cxd5 14. O-O Qb6
15. Qf3 Bb4 16. Nb3 O-O-O 17. Rfc1+ Kb8 18. Nc5 Qd6 19. a3 Ba5 20. b4 Bc7 21.
a4 h5 22. a5 b5 23. a6 Rde8 24. Nb7 Qd7 25. Rc5 Re4 26. Qe2 h4 27. Qxb5 Qxb5
28. Rxb5 Bb6 29. Rxd5 h3 30. Nc5 Ree8 31. Rd7 1-0

[Event "9. Torneo Villa de Mondragón"]
[Site "Mondragón ESP"]
[Date "2009.10.23"]
[Round "3.8"]
[White "Etxagibel Larranaga, Asier"]
[Black "Hernando Casas, Jose Manuel"]
[Result "0-1"]
[WhiteElo "1945"]
[BlackElo "2029"]
[PlyCount "62"]
[EventDate "2009.10.09"]
[EventType "swiss"]
[EventRounds "6"]
[EventCountry "ESP"]
[Source "lmi"]
[SourceDate "2009.10.09"]

1. Nf3 d5 2. d4 c6 3. c4 g6 4. e3 Nf6 5. Nc3 Bg7 6. Be2 O-O 7. O-O a6 8. a4 a5
9. Qb3 Na6 10. Bd2 Nb4 11. Rfc1 h6 12. Nb1 dxc4 13. Bxc4 Nbd5 14. Na3 Nb6 15.
Be2 Be6 16. Qd1 Ne4 17. Be1 Bd5 18. b3 Nd7 19. Nc4 e6 20. Ra2 c5 21. Ncd2 Nxd2
22. Rxd2 cxd4 23. Nxd4 Qb6 24. e4 Bxe4 25. Nxe6 Qxe6 26. Rxd7 Bc6 27. Rd6 Qe7
28. Bc4 Rad8 29. Rxd8 Rxd8 30. Qc2 Be4 31. Bxf7+ Kxf7 0-1

[Event "9. Torneo Villa de Mondragón"]
[Site "Mondragón ESP"]
[Date "2009.10.23"]
[Round "3.9"]
[White "De Andres Andres, Eugenio"]
[Black "Segura Del Frago, Imanol"]
[Result "0-1"]
[WhiteElo "1820"]
[BlackElo "2003"]
[PlyCount "70"]
[EventDate "2009.10.09"]
[EventType "swiss"]
[EventRounds "6"]
[EventCountry "ESP"]
[Source "lmi"]
[SourceDate "2009.10.09"]

1. d4 Nf6 2. Nf3 g6 3. Bf4 Bg7 4. Nc3 O-O 5. Qd2 d6 6. Bh6 Nbd7 7. Bxg7 Kxg7 8.
e4 e5 9. O-O-O Qe7 10. Re1 c6 11. h3 b5 12. g4 a5 13. Qe3 a4 14. d5 b4 15. Nb1
cxd5 16. exd5 Nxd5 17. Qd2 N7b6 18. Nd4 Qh4 19. Nb5 b3 20. a3 bxc2 21. Kxc2 Rd8
22. Bg2 Be6 23. N1c3 Rac8 24. Kb1 Nc4 25. Qc2 Nf4 26. Bf1 f6 27. Rd1 d5 28.
Qxa4 Qxf2 29. Bxc4 Rxc4 30. Qa5 Rd7 31. Rhf1 Qg2 32. Qb6 Bf7 33. Nd6 Rd4 34.
Rc1 Rd2 35. a4 Nd3 0-1

[Event "9. Torneo Villa de Mondragón"]
[Site "Mondragón ESP"]
[Date "2009.10.23"]
[Round "3.10"]
[White "Axpe Goikoetxea, Javier"]
[Black "Montolio Benedicto, Cesar"]
[Result "0-1"]
[WhiteElo "1815"]
[BlackElo "1991"]
[PlyCount "86"]
[EventDate "2009.10.09"]
[EventType "swiss"]
[EventRounds "6"]
[EventCountry "ESP"]
[Source "lmi"]
[SourceDate "2009.10.09"]

1. d4 Nf6 2. c4 g6 3. Nc3 Bg7 4. Bg5 d6 5. Nf3 O-O 6. e4 Na6 7. Be2 Qe8 8. O-O
e5 9. d5 Nc5 10. Qc2 a5 11. Rfe1 Nfd7 12. Nb5 Na6 13. Bd2 b6 14. Rad1 Ndc5 15.
a3 f5 16. Ng5 Nxe4 17. Nxe4 fxe4 18. Qxe4 Qf7 19. Rf1 Bf5 20. Qe3 Rae8 21. Bc3
Bd7 22. Nxc7 Nxc7 23. Qxb6 Ba4 24. Rde1 Qd7 25. Bxa5 Na8 26. Qe3 Rb8 27. Bc3
Rfc8 28. h3 Qe8 29. b4 Nb6 30. Qe4 Bb3 31. c5 Nxd5 32. Bc4 Bxc4 33. Qxc4 Qf7
34. c6 Nxc3 35. Qxc3 Qd5 36. Rc1 Rb6 37. c7 Rb7 38. Rfd1 Rbxc7 39. Qb2 e4 40.
Rxd5 Rxc1+ 41. Qxc1 Rxc1+ 42. Kh2 Ra1 43. Rxd6 Be5+ 0-1

[Event "9. Torneo Villa de Mondragón"]
[Site "Mondragón ESP"]
[Date "2009.10.23"]
[Round "3.11"]
[White "Ruiz Martinez, Isidro"]
[Black "Alcaide Rodriguez, Mikel"]
[Result "1-0"]
[WhiteElo "1966"]
[BlackElo "1786"]
[PlyCount "43"]
[EventDate "2009.10.09"]
[EventType "swiss"]
[EventRounds "6"]
[EventCountry "ESP"]
[Source "lmi"]
[SourceDate "2009.10.09"]

1. e4 c5 2. Nf3 d6 3. d4 cxd4 4. Qxd4 Nf6 5. Bg5 e6 6. e5 Nc6 7. Bb5 Qa5+ 8.
Nc3 Nd5 9. Bxc6+ bxc6 10. exd6 Bxd6 11. Qxg7 Rf8 12. O-O Qb4 13. Nxd5 cxd5 14.
Rad1 Bb7 15. Rfe1 Rc8 16. Nd4 Be7 17. a3 Qc5 18. b4 Qc7 19. c4 dxc4 20. Bxe7
Qxe7 21. Nf5 Qc7 22. Rxe6+ 1-0

[Event "9. Torneo Villa de Mondragón"]
[Site "Mondragón ESP"]
[Date "2009.10.23"]
[Round "3.12"]
[White "Alvarez Dominguez, Francisco  Javier"]
[Black "Irure Crespo, Egoitz"]
[Result "1/2-1/2"]
[WhiteElo "1963"]
[BlackElo "1967"]
[PlyCount "96"]
[EventDate "2009.10.09"]
[EventType "swiss"]
[EventRounds "6"]
[EventCountry "ESP"]
[Source "lmi"]
[SourceDate "2009.10.09"]

1. e4 c6 2. d4 d5 3. Nd2 dxe4 4. Nxe4 Bf5 5. Ng3 Bg6 6. h4 h6 7. Nf3 Nd7 8. h5
Bh7 9. Bd3 Bxd3 10. Qxd3 Ngf6 11. Bd2 e6 12. O-O-O Be7 13. Kb1 O-O 14. Ne4 Nxe4
15. Qxe4 Nf6 16. Qe2 Qd5 17. g4 Qe4 18. Qxe4 Nxe4 19. Be3 Rfd8 20. Nd2 Nxd2+
21. Rxd2 c5 22. Rhd1 Rac8 23. dxc5 Rxd2 24. Rxd2 Bxc5 25. Bxc5 Rxc5 26. Rd8+
Kh7 27. Rd7 Rd5 28. Rxd5 exd5 29. Kc1 g6 30. Kd2 gxh5 31. gxh5 Kg7 32. Ke3 Kf6
33. Kf4 Ke6 34. c3 Kf6 35. a3 Ke6 36. b3 b5 37. a4 a6 38. axb5 axb5 39. Ke3 Ke5
40. f4+ Ke6 41. Kd4 Kd6 42. f5 f6 43. b4 Kc6 44. Ke3 Kd7 45. Kd3 Kc6 46. Ke3
Kc7 47. Kd3 Kd7 48. Ke3 Kc7 1/2-1/2

[Event "9. Torneo Villa de Mondragón"]
[Site "Mondragón ESP"]
[Date "2009.10.23"]
[Round "3.14"]
[White "Miguelez Garcia, Erlantz"]
[Black "Cotta Esnaola, Andoni"]
[Result "1-0"]
[WhiteElo "1948"]
[BlackElo "1724"]
[PlyCount "41"]
[EventDate "2009.10.09"]
[EventType "swiss"]
[EventRounds "6"]
[EventCountry "ESP"]
[Source "lmi"]
[SourceDate "2009.10.09"]

1. d4 Nf6 2. c4 e6 3. Nc3 Bb4 4. e3 c5 5. Nge2 O-O 6. a3 Qa5 7. Bd2 Bxc3 8.
Bxc3 Qc7 9. dxc5 Ne4 10. b4 Nxc3 11. Nxc3 a5 12. Be2 Qe5 13. Rc1 axb4 14. axb4
Na6 15. Qb3 Rd8 16. O-O Nc7 17. Na4 d5 18. cxd5 Rxd5 19. Rfd1 Rxd1+ 20. Rxd1
Qf6 21. Nb6 1-0

[Event "9. Torneo Villa de Mondragón"]
[Site "Mondragón ESP"]
[Date "2009.10.23"]
[Round "3.15"]
[White "Sanabria Alvaro, Oscar"]
[Black "Vallverdu Verge, Carme"]
[Result "1-0"]
[WhiteElo "1813"]
[BlackElo "1600"]
[PlyCount "81"]
[EventDate "2009.10.09"]
[EventType "swiss"]
[EventRounds "6"]
[EventCountry "ESP"]
[Source "lmi"]
[SourceDate "2009.10.09"]

1. d4 Nf6 2. c4 g6 3. Nc3 Bg7 4. e4 d6 5. Bd3 O-O 6. Nge2 e5 7. d5 Nbd7 8. O-O
a5 9. f3 Nc5 10. Bc2 Kh8 11. Be3 Ncd7 12. a3 Ng8 13. Qd2 Nb6 14. Bd3 f5 15. b4
f4 16. Bf2 g5 17. c5 Nd7 18. cxd6 cxd6 19. b5 b6 20. Na4 Ngf6 21. Kh1 g4 22.
Ng1 Rg8 23. Bh4 Qe8 24. Bxf6 Bxf6 25. fxg4 Rxg4 26. Rac1 Qg6 27. Rc6 Bd8 28.
Nf3 Bb7 29. Rc4 Qh5 30. Rfc1 Rg3 31. Qf2 Rg8 32. Rc6 Bxc6 33. bxc6 Nc5 34. Nxc5
bxc5 35. a4 Rb8 36. Bb5 Bc7 37. Nh4 Qg5 38. Nf3 Qh5 39. Rf1 Rg4 40. Ng1 Rbg8
41. Be2 1-0

[Event "9. Torneo Villa de Mondragón"]
[Site "Mondragón ESP"]
[Date "2009.10.23"]
[Round "3.16"]
[White "Fernandez Del Pozo, Anibal"]
[Black "Alberdi Jarit, Gaizka"]
[Result "1-0"]
[WhiteElo "1759"]
[BlackElo "1583"]
[PlyCount "54"]
[EventDate "2009.10.09"]
[EventType "swiss"]
[EventRounds "6"]
[EventCountry "ESP"]
[Source "lmi"]
[SourceDate "2009.10.09"]

1. e4 d5 2. exd5 Qxd5 3. Nc3 Qd8 4. d4 c6 5. Bc4 Bf5 6. Nge2 e6 7. Bf4 Nf6 8.
h3 Nd5 9. Nxd5 exd5 10. Bd3 Bxd3 11. Qxd3 Nd7 12. O-O-O Nf6 13. g4 Ne4 14. f3
Nd6 15. Rde1 Be7 16. Ng3 g6 17. Be5 Rg8 18. Bf6 Nc8 19. Re2 Kd7 20. Bxe7 Nxe7
21. Rhe1 Re8 22. f4 Qc7 23. f5 Ng8 24. fxg6 fxg6 25. Re5 Rxe5 26. dxe5 Ke6 27.
Ne2 Kxe5 1-0

[Event "9. Torneo Villa de Mondragón"]
[Site "Mondragón ESP"]
[Date "2009.10.30"]
[Round "4.1"]
[White "Franco Alonso, Alejandro"]
[Black "Hernandez Carmenates, Holden"]
[Result "1/2-1/2"]
[WhiteElo "2465"]
[BlackElo "2561"]
[PlyCount "47"]
[EventDate "2009.10.09"]
[EventType "swiss"]
[EventRounds "6"]
[EventCountry "ESP"]
[Source "lmi"]
[SourceDate "2009.10.09"]

1. d4 Nf6 2. c4 e6 3. g3 Bb4+ 4. Bd2 Bxd2+ 5. Qxd2 c5 6. Bg2 Qb6 7. dxc5 Qxc5
8. Nc3 Qxc4 9. Rc1 Na6 10. Nd5 Qb5 11. Nxf6+ gxf6 12. Nh3 h5 13. O-O Qb4 14.
Qc2 Kf8 15. a3 Qe7 16. b4 d6 17. Nf4 h4 18. Rfd1 hxg3 19. hxg3 Rb8 20. Qd2 Nc7
21. Qxd6 Qxd6 22. Rxd6 Ke7 23. Rd2 Na8 24. Nd3 1/2-1/2

[Event "9. Torneo Villa de Mondragón"]
[Site "Mondragón ESP"]
[Date "2009.10.30"]
[Round "4.2"]
[White "Ruiz Abad, Juan Manuel"]
[Black "Argandoña Riveiro, Iñigo"]
[Result "1/2-1/2"]
[WhiteElo "1828"]
[BlackElo "2375"]
[PlyCount "35"]
[EventDate "2009.10.09"]
[EventType "swiss"]
[EventRounds "6"]
[EventCountry "ESP"]
[Source "lmi"]
[SourceDate "2009.10.09"]

1. e4 d6 2. d4 Nf6 3. f3 Nbd7 4. Nc3 e5 5. Be3 c6 6. Qd2 Be7 7. a4 Qa5 8. Nge2
Nb6 9. Nc1 Be6 10. d5 cxd5 11. b4 Qxb4 12. Rb1 Qxb1 13. Nxb1 O-O 14. Bxb6 axb6
15. exd5 Nxd5 16. Bc4 Nf4 17. Bb5 d5 18. O-O 1/2-1/2

[Event "9. Torneo Villa de Mondragón"]
[Site "Mondragón ESP"]
[Date "2009.10.30"]
[Round "4.3"]
[White "Miguel Quintero, Francisco"]
[Black "Miguel Quintero, Antonio"]
[Result "1/2-1/2"]
[WhiteElo "2255"]
[BlackElo "2174"]
[PlyCount "35"]
[EventDate "2009.10.09"]
[EventType "swiss"]
[EventRounds "6"]
[EventCountry "ESP"]
[Source "lmi"]
[SourceDate "2009.10.09"]

1. d4 d5 2. g3 Nf6 3. Bg2 e6 4. Nf3 c5 5. O-O Nc6 6. c3 cxd4 7. Nxd4 Be7 8. Nd2
Nxd4 9. cxd4 O-O 10. Nf3 b6 11. Ne5 Bb7 12. Qa4 Qe8 13. Qxe8 Rfxe8 14. Bg5 h6
15. Bxf6 Bxf6 16. Rfc1 Bxe5 17. dxe5 Rac8 18. e3 1/2-1/2

[Event "9. Torneo Villa de Mondragón"]
[Site "Mondragón ESP"]
[Date "2009.10.30"]
[Round "4.4"]
[White "Nava Pereda, Carlos"]
[Black "Astasio Lopez, David"]
[Result "1/2-1/2"]
[WhiteElo "2248"]
[BlackElo "2315"]
[PlyCount "121"]
[EventDate "2009.10.09"]
[EventType "swiss"]
[EventRounds "6"]
[EventCountry "ESP"]
[Source "lmi"]
[SourceDate "2009.10.09"]

1. c4 e6 2. g3 f5 3. Bg2 Nf6 4. Nf3 Be7 5. O-O O-O 6. Nc3 d6 7. d4 Nbd7 8. Qc2
Nb6 9. b3 c6 10. a4 a5 11. Ba3 Qc7 12. Bb2 Bd7 13. Rfe1 d5 14. c5 Nc8 15. Bc1
b6 16. Bf4 Qa7 17. cxb6 Qxb6 18. Red1 Nd6 19. Ne5 Rfc8 20. Bg5 Be8 21. Nd3 Nf7
22. Bxf6 Bxf6 23. e3 Be7 24. Ne2 Rab8 25. Rab1 c5 26. dxc5 Bxc5 27. Nxc5 Rxc5
28. Qd2 Ne5 29. Nd4 Bd7 30. Rdc1 Rbc8 31. h3 Qb4 32. Qd1 Rc3 33. Rxc3 Rxc3 34.
Bf1 g6 35. Rc1 Nc6 36. Rxc3 Qxc3 37. Qc2 Qxc2 38. Nxc2 Kf7 39. Bb5 Nb8 40. Bd3
Ke7 41. Kf1 e5 42. Ke1 Kd6 43. Kd2 Kc5 44. f4 Nc6 45. Bb5 exf4 46. gxf4 Nb8 47.
Be2 Nc6 48. Kc3 Nd8 49. Nd4 Nf7 50. Nf3 Bc6 51. Ng5 Nxg5 52. fxg5 Be8 53. Ba6
Bf7 54. Bb7 Be6 55. Ba6 Bd7 56. Bb7 Be6 57. Ba8 Bc8 58. Kd3 Ba6+ 59. Kc3 Bc8
60. Kd3 Ba6+ 61. Kc3 1/2-1/2

[Event "9. Torneo Villa de Mondragón"]
[Site "Mondragón ESP"]
[Date "2009.10.30"]
[Round "4.5"]
[White "Hernando Casas, Jose Manuel"]
[Black "Prieto Aranguren, Alain"]
[Result "0-1"]
[WhiteElo "2029"]
[BlackElo "2109"]
[PlyCount "100"]
[EventDate "2009.10.09"]
[EventType "swiss"]
[EventRounds "6"]
[EventCountry "ESP"]
[Source "lmi"]
[SourceDate "2009.10.09"]

1. e4 c6 2. d4 d5 3. e5 Bf5 4. Nf3 e6 5. Be2 h5 6. c4 dxc4 7. Bxc4 Nd7 8. O-O
Nb6 9. Be2 Ne7 10. Bg5 Nbd5 11. Nbd2 Nb6 12. a4 a5 13. Nb3 Qc7 14. Nh4 Bg6 15.
Nxg6 fxg6 16. Bxe7 Bxe7 17. Bd3 Rh6 18. Qc2 Kf7 19. f4 Nd5 20. Qe2 Qb6 21. Bc4
Rd8 22. g3 Bb4 23. Rad1 Ne7 24. Kg2 Nf5 25. Qe4 Be7 26. Rf2 Qb4 27. Rc2 Rhh8
28. Rd3 Rd7 29. Nc5 Bxc5 30. Rb3 Rxd4 31. Rxb4 Rxe4 32. Bxe6+ Kxe6 33. Rxe4
Ne3+ 34. Rxe3 Bxe3 35. Kf3 Bd4 36. Ke4 c5 37. h3 b5 38. axb5 Rb8 39. g4 hxg4
40. hxg4 Rxb5 41. f5+ Ke7 42. b3 Rxb3 43. Ra2 Re3+ 44. Kf4 Rxe5 45. Rxa5 gxf5
46. gxf5 Kd6 47. Ra6+ Kd5 48. Kg5 Ke4 49. Re6 Rxe6 50. fxe6 Bf6+ 0-1

[Event "9. Torneo Villa de Mondragón"]
[Site "Mondragón ESP"]
[Date "2009.10.30"]
[Round "4.6"]
[White "Tornay Gomez, Josu"]
[Black "Ruiz Martinez, Isidro"]
[Result "1-0"]
[WhiteElo "2107"]
[BlackElo "1966"]
[PlyCount "83"]
[EventDate "2009.10.09"]
[EventType "swiss"]
[EventRounds "6"]
[EventCountry "ESP"]
[Source "lmi"]
[SourceDate "2009.10.09"]

1. e4 e5 2. f4 d5 3. exd5 e4 4. d3 Nf6 5. dxe4 Nxe4 6. Nf3 Bc5 7. Qe2 Bf2+ 8.
Kd1 Qxd5+ 9. Nfd2 f5 10. Nc3 Qd4 11. Ncxe4 fxe4 12. c3 Qe3 13. Qh5+ Ke7 14.
Qg5+ Ke8 15. Qxg7 Rf8 16. Qe5+ Kd8 17. Nxe4 Qe1+ 18. Kc2 Bf5 19. Bd3 Qxh1 20.
Nxf2 Bxd3+ 21. Nxd3 Qxg2+ 22. Bd2 Nd7 23. Qd4 Re8 24. Ne5 Qh3 25. Rd1 Kc8 26.
Be1 Nb6 27. Bg3 a5 28. c4 Ra6 29. c5 Na8 30. Bh4 Kb8 31. Nd7+ Ka7 32. c6+ Nb6
33. Bg3 Qg2+ 34. Kb1 Re2 35. cxb7 Kxb7 36. Nc5+ Ka7 37. Nxa6 Kxa6 38. f5 a4 39.
Bxc7 Qe4+ 40. Qxe4 Rxe4 41. f6 Re2 42. Rd6 1-0